[Event "Foment Martinenc op-B 21st"]
[Site "Barcelona"]
[Date "2019.04.27"]
[Round "1"]
[White "Ayza Casamitjana, Antoni"]
[Black "De Lomas Busquets, Alba"]
[Result "1/2-1/2"]
[WhiteElo "1718"]
[BlackElo "1537"]
[PlyCount "53"]
[EventDate "2019.04.27"]
[EventType "swiss"]
[EventRounds "9"]
[EventCountry "ESP"]
[SourceTitle "EXT 2020"]
[Source "ChessBase"]
[SourceDate "2019.10.17"]
[SourceVersion "1"]
[SourceVersionDate "2019.10.17"]
[SourceQuality "1"]

1. e4 c5 2. Nf3 Nc6 3. d4 cxd4 4. Nxd4 g6 5. Nc3 Bg7 6. Be3 d6 7. Bc4 Nf6 8. Bb3 Ng4 9. Nxc6 bxc6 10. Bd2 Qb6 11. 0-0 Bd4 12. Qf3 0-0 13. Na4 Qc7 14. h3 Ne5 15. Qg3 Nd7 16. Bh6 Bg7 17. Bxg7 Kxg7 18. f4 f5 19. Qc3+ e5 20. exf5 Rxf5 21. fxe5 Nxe5 22. Rxf5 Bxf5 23. Re1 Re8 24. Rf1 Be6 25. Bxe6 Rxe6 26. b3 Qe7 27. Nb2 1/2-1/2

[Event "Barcelona Sant Marti op-B 18th"]
[Site "Barcelona"]
[Date "2016.07.16"]
[Round "4.7"]
[White "Ayza Casamitjana, Antoni"]
[Black "Minguell Soler, Joan"]
[Result "1/2-1/2"]
[WhiteElo "1818"]
[BlackElo "1942"]
[PlyCount "80"]
[EventDate "2016.07.13"]
[EventType "swiss"]
[EventRounds "9"]
[EventCountry "ESP"]
[SourceTitle "EXT 2024"]
[Source "ChessBase"]
[SourceDate "2023.10.10"]
[SourceVersion "1"]
[SourceVersionDate "2023.10.10"]
[SourceQuality "1"]

1. e4 e6 2. Nf3 d5 3. e5 c5 4. b4 cxb4 5. a3 Nc6 6. axb4 Bxb4 7. c3 Be7 8. d4 Nh6 9. Bd3 Nf5 10. 0-0 0-0 11. g4 Nh4 12. Nxh4 Bxh4 13. f4 Be7 14. g5 g6 15. h4 Bd7 16. Ra2 h5 17. gxh6 Bxh4 18. Qg4 Kh7 19. Rh2 Be7 20. Nd2 a5 21. Nf3 a4 22. Rg2 Be8 23. f5 exf5 24. Bxf5 a3 25. e6 Rg8 26. Bb1 f5 27. Bxf5 a2 28. Bb2 Bf6 29. Bd3 Qe7 30. Ra1 Nd8 31. Re2 b5 32. Bc1 Ra6 33. Ng5+ Kh8 34. Qg2 Qc7 35. Bd2 Bxg5 36. Bxg5 Qxc3 37. Bf6+ Kh7 38. Raxa2 Rxa2 39. Rxa2 Qe1+ 40. Kh2 Qxe6 1/2-1/2

[Event "Barcelona Sant Marti op-B 18th"]
[Site "Barcelona"]
[Date "2016.07.15"]
[Round "3.27"]
[White "Jimenez Rimblas, Raul"]
[Black "Ayza Casamitjana, Antoni"]
[Result "0-1"]
[WhiteElo "1821"]
[BlackElo "1818"]
[PlyCount "54"]
[EventDate "2016.07.13"]
[EventType "swiss"]
[EventRounds "9"]
[EventCountry "ESP"]
[SourceTitle "EXT 2024"]
[Source "ChessBase"]
[SourceDate "2023.10.10"]
[SourceVersion "1"]
[SourceVersionDate "2023.10.10"]
[SourceQuality "1"]

1. e4 c5 2. Nf3 e6 3. Nc3 a6 4. d4 cxd4 5. Nxd4 Nc6 6. Be3 Nf6 7. Qe2 Bb4 8. Bg5 Nxd4 9. Bxf6 Qxf6 10. Qd3 Nb5 11. Kd2 0-0 12. a3 Bxc3+ 13. bxc3 d5 14. Re1 dxe4 15. Qxe4 Rd8+ 16. Bd3 Qxc3+ 17. Kc1 Qxa3+ 18. Kd2 Qc3+ 19. Kc1 g6 20. Kd1 Nd4 21. Qe5 Bd7 22. Re4 Ba4 23. f3 Bxc2+ 24. Bxc2 Nxf3+ 25. Kc1 Nxe5 26. Rd1 Qa1+ 27. Bb1 Rac8+ 0-1

[Event "Barcelona Sant Marti op-B 17th"]
[Site "Barcelona"]
[Date "2015.07.15"]
[Round "3"]
[White "Ayza Casamitjana, Antoni"]
[Black "Beltran Vargas, Daniel"]
[Result "1-0"]
[WhiteElo "1945"]
[BlackElo "1852"]
[PlyCount "79"]
[EventDate "2015.07.13"]
[EventType "swiss"]
[EventRounds "9"]
[EventCountry "ESP"]
[SourceTitle "EXT 2016"]
[Source "ChessBase"]
[SourceDate "2015.10.08"]
[SourceVersion "1"]
[SourceVersionDate "2015.10.08"]
[SourceQuality "1"]

1. e4 e5 2. Nf3 Nc6 3. d4 exd4 4. Nxd4 d6 5. Nxc6 bxc6 6. Nc3 Be7 7. Bc4 Nf6 8. 0-0 0-0 9. h3 Bb7 10. Qe2 Rb8 11. Be3 a5 12. Rad1 Nd7 13. f4 d5 14. exd5 Re8 15. Qf3 c5 16. b3 Bf8 17. Qf2 Qf6 18. Na4 Nb6 19. Nxc5 Bxc5 20. Bxc5 Nxc4 21. bxc4 Ba6 22. Bd4 Qd6 23. Bc3 Re4 24. Rd4 Rbe8 25. Re1 Rxe1+ 26. Bxe1 Qc5 27. Kh2 Kf8 28. Bc3 Bxc4 29. Qd2 Re2 30. Qd1 Ba6 31. Rd2 Qf2 32. Rxe2 Bxe2 33. Qd2 a4 34. Bd4 Qf1 35. Qb4+ Ke8 36. Be5 Bc4 37. Qb8+ Kd7 38. Qxc7+ Ke8 39. Qc8+ Ke7 40. d6# 1-0

[Event "Benidorm op U2000 12th"]
[Site "Benidorm"]
[Date "2013.11.29"]
[Round "1"]
[White "Ayza Casamitjana, Antoni"]
[Black "Zapatel Benito, Agustin"]
[Result "1-0"]
[WhiteElo "1869"]
[BlackElo "1506"]
[PlyCount "32"]
[EventDate "2013.11.29"]
[EventType "swiss"]
[EventRounds "10"]
[EventCountry "ESP"]
[SourceTitle "CBM 157 Extra"]
[Source "ChessBase"]
[SourceDate "2013.12.19"]
[SourceVersion "1"]
[SourceVersionDate "2013.12.19"]
[SourceQuality "1"]

1. e4 e5 2. Nf3 Nc6 3. Bb5 Nge7 4. 0-0 a6 5. Ba4 b5 6. Bb3 Na5 7. Nxe5 Nxb3 8. axb3 Bb7 9. d3 Nc6 10. Ng4 h6 11. Nc3 Bc5 12. Qf3 d6 13. Qg3 g5 14. Nd5 Bd4 15. c3 Be5 16. Qf3 Kf8 1-0

[Event "Balaguer op 17th"]
[Site "Balaguer"]
[Date "2012.06.23"]
[Round "8"]
[White "Quintas Galeano, Lluis"]
[Black "Ayza Casamitjana, Antoni"]
[Result "1/2-1/2"]
[WhiteElo "2148"]
[BlackElo "1868"]
[PlyCount "153"]
[EventDate "2012.06.16"]
[EventType "swiss"]
[EventRounds "9"]
[EventCountry "ESP"]
[SourceTitle "EXT 2013"]
[Source "ChessBase"]
[SourceDate "2012.11.22"]
[SourceVersion "1"]
[SourceVersionDate "2012.11.22"]
[SourceQuality "1"]

1. e4 c5 2. Nc3 e6 3. g3 Nc6 4. Bg2 d6 5. d3 Be7 6. f4 Nf6 7. Nf3 0-0 8. 0-0 a6 9. Kh1 Rb8 10. e5 Nd7 11. exd6 Bxd6 12. Ne4 Be7 13. Be3 b6 14. Qe2 Nf6 15. c3 Bb7 16. Nfg5 Nd5 17. Bg1 h6 18. Nf3 Nf6 19. Nfd2 Qc7 20. Nxf6+ Bxf6 21. Ne4 Be7 22. Qh5 Rfd8 23. Rad1 Rd7 24. f5 exf5 25. Qxf5 Bc8 26. Be3 Rd8 27. Qh5 Qe5 28. Qe2 Qe6 29. Rfe1 Qg6 30. Bf4 Bg4 31. Bf3 Bxf3+ 32. Qxf3 f5 33. Nf2 Rd7 34. Re3 Nd8 35. d4 cxd4 36. Rxd4 Rxd4 37. cxd4 Bg5 38. Nd3 Nf7 39. d5 Bxf4 40. Nxf4 Qf6 41. Qe2 Ng5 42. Ne6 Nxe6 43. dxe6 Re8 44. e7 Qc6+ 45. Kg1 Qc5 46. Kg2 g6 47. Re5 Qc6+ 48. Kh3 Kf7 49. Qe3 Qd6 50. Qb3+ Kf6 51. Rd5 Qxe7 52. Qxb6+ Kf7 53. Qd4 Qe2 54. Rd7+ Re7 55. Qd5+ Qe6 56. Qxe6+ Kxe6 57. Rd2 Rb7 58. Kg2 Rb6 59. Kf3 g5 60. b3 h5 61. Ke3 Rb4 62. Kd3 h4 63. gxh4 Rxh4 64. Rg2 Kf6 65. a3 Re4 66. b4 f4 67. Rc2 Re6 68. a4 g4 69. b5 axb5 70. axb5 f3 71. Rb2 Re8 72. b6 Ke6 73. b7 Rb8 74. Ke3 Kd7 75. Kf4 f2 76. Rxf2 Rxb7 77. Kxg4 1/2-1/2

[Event "Balaguer op 17th"]
[Site "Balaguer"]
[Date "2012.06.21"]
[Round "6"]
[White "Sole Pijuan, Ferran"]
[Black "Ayza Casamitjana, Antoni"]
[Result "0-1"]
[WhiteElo "1539"]
[BlackElo "1868"]
[PlyCount "53"]
[EventDate "2012.06.16"]
[EventType "swiss"]
[EventRounds "9"]
[EventCountry "ESP"]
[SourceTitle "EXT 2013"]
[Source "ChessBase"]
[SourceDate "2012.11.22"]
[SourceVersion "1"]
[SourceVersionDate "2012.11.22"]
[SourceQuality "1"]

1. d4 Nf6 2. c4 c5 3. d5 b5 4. cxb5 a6 5. e3 g6 6. b3 axb5 7. Bb2 Ba6 8. Nf3 Bg7 9. Be2 0-0 10. 0-0 d6 11. a3 Nbd7 12. Nc3 Qb6 13. Re1 Rfe8 14. Bf1 Ng4 15. h3 Nge5 16. e4 c4 17. Rb1 Qa7 18. Na2 cxb3 19. Qxb3 Nxf3+ 20. Qxf3 Ne5 21. Bxe5 Bxe5 22. Nc3 Qc5 23. Rec1 Qxa3 24. Nxb5 Qxf3 25. gxf3 Bxb5 26. Rxb5 Kg7 27. Kg2 0-1

[Event "La Pobla de Lillet op 21st"]
[Site "La Pobla de Lillet"]
[Date "2011.08.02"]
[Round "1"]
[White "Panelo Munoz, Marcelo A"]
[Black "Ayza Casamitjana, Antoni"]
[Result "1-0"]
[WhiteElo "2413"]
[BlackElo "1829"]
[PlyCount "55"]
[EventDate "2011.08.02"]
[EventType "swiss"]
[EventRounds "9"]
[EventCountry "ESP"]
[SourceTitle "EXT 2015"]
[Source "ChessBase"]
[SourceDate "2014.11.20"]
[SourceVersion "1"]
[SourceVersionDate "2014.11.20"]
[SourceQuality "1"]

1. d4 Nf6 2. Nf3 g6 3. c4 c5 4. d5 b5 5. cxb5 a6 6. bxa6 Bxa6 7. Nc3 Bg7 8. e4 Bxf1 9. Kxf1 d6 10. g3 0-0 11. Kg2 Nbd7 12. Re1 Ng4 13. Qe2 Qa5 14. Nd2 Ngf6 15. Nc4 Qa6 16. e5 dxe5 17. Nxe5 Nb6 18. Qf3 Qb7 19. Nc6 Rfe8 20. Bg5 h6 21. Nxe7+ Rxe7 22. Bxf6 Rxe1 23. Rxe1 Qd7 24. Re7 Qd6 25. Rxf7 Kxf7 26. Be5+ Qf6 27. Bxf6 Bxf6 28. Ne4 1-0

[Event "Barbera del Valles op B 29th"]
[Site "Barbera del Valles"]
[Date "2006.07.13"]
[Round "9"]
[White "Garcia Riera, Josep"]
[Black "Ayza Casamitjana, Antoni"]
[Result "1/2-1/2"]
[WhiteElo "2036"]
[BlackElo "2002"]
[PlyCount "86"]
[EventDate "2006.07.05"]
[EventType "swiss"]
[EventRounds "9"]
[EventCountry "ESP"]
[SourceTitle "EXT 2022"]
[Source "ChessBase"]
[SourceDate "2021.10.06"]
[SourceVersion "1"]
[SourceVersionDate "2021.10.06"]
[SourceQuality "1"]

1. d4 f5 2. g3 Nf6 3. Bg2 c6 4. Nf3 g6 5. 0-0 Bg7 6. c4 0-0 7. Nc3 d5 8. cxd5 Nxd5 9. Nxd5 Qxd5 10. Bf4 Nd7 11. Ng5 Qxd4 12. Qb3+ Kh8 13. Nf7+ Rxf7 14. Qxf7 Qf6 15. Qxf6 Bxf6 16. Rab1 Nb6 17. e4 Be6 18. b3 fxe4 19. Bxe4 Nd5 20. Bxd5 Bxd5 21. Rfe1 Kg7 22. Be5 a5 23. f4 e6 24. a3 b5 25. g4 a4 26. b4 Bxe5 27. Rxe5 Rf8 28. Rf1 Bc4 29. Rf2 Rd8 30. f5 Rd1+ 31. Kg2 Kf6 32. fxe6+ Kxe5 33. e7 Bd5+ 34. Kh3 g5 35. Rf5+ Kd6 36. Rxd5+ Kxd5 37. e8Q Rd3+ 38. Kg2 Rxa3 39. Qf7+ Kd4 40. Qd7+ Kc4 41. Qxc6+ Kxb4 42. Qd6+ Kb3 43. Qd3+ Kb4 1/2-1/2

[Event "Barbera del Valles op B 29th"]
[Site "Barbera del Valles"]
[Date "2006.07.12"]
[Round "8"]
[White "Ayza Casamitjana, Antoni"]
[Black "Alquezar Mancho, Renato"]
[Result "1-0"]
[WhiteElo "2002"]
[BlackElo "1890"]
[PlyCount "81"]
[EventDate "2006.07.05"]
[EventType "swiss"]
[EventRounds "9"]
[EventCountry "ESP"]
[SourceTitle "EXT 2022"]
[Source "ChessBase"]
[SourceDate "2021.10.06"]
[SourceVersion "1"]
[SourceVersionDate "2021.10.06"]
[SourceQuality "1"]

1. e4 c5 2. Nf3 Nc6 3. d4 cxd4 4. Nxd4 Qc7 5. Nc3 e6 6. Be2 a6 7. a3 Nf6 8. 0-0 Be7 9. Be3 d6 10. f4 0-0 11. g4 Rd8 12. g5 Ne8 13. Bd3 Nxd4 14. Bxd4 b5 15. Qf3 Bb7 16. Qf2 Rd7 17. Rae1 Bf8 18. h4 g6 19. f5 exf5 20. exf5 Ng7 21. fxg6 fxg6 22. Ne4 Bxe4 23. Bxe4 d5 24. Bd3 Rc8 25. Re3 Bc5 26. Rf3 Bxd4 27. Qxd4 Nf5 28. Bxf5 gxf5 29. c3 Re8 30. Qd3 Re4 31. R1f2 Rg4+ 32. Kf1 Rxh4 33. Qxf5 Rh1+ 34. Ke2 Re7+ 35. Kd2 Qd8 36. Qf6 Rhe1 37. g6 hxg6 38. Qxg6+ Rg7 39. Qxg7+ Kxg7 40. Rg3+ Kh6 41. Rh2+ 1-0

[Event "Barbera del Valles op B 29th"]
[Site "Barbera del Valles"]
[Date "2006.07.06"]
[Round "2"]
[White "Dominguez Escalona, Alonso Jesus"]
[Black "Ayza Casamitjana, Antoni"]
[Result "1/2-1/2"]
[WhiteElo "2120"]
[BlackElo "2002"]
[PlyCount "64"]
[EventDate "2006.07.05"]
[EventType "swiss"]
[EventRounds "9"]
[EventCountry "ESP"]
[SourceTitle "EXT 2022"]
[Source "ChessBase"]
[SourceDate "2021.10.06"]
[SourceVersion "1"]
[SourceVersionDate "2021.10.06"]
[SourceQuality "1"]

1. e4 c5 2. Nf3 e6 3. b4 Nf6 4. e5 Nd5 5. bxc5 Bxc5 6. c3 Nc6 7. d4 Be7 8. Bd3 f5 9. 0-0 0-0 10. c4 Ndb4 11. a3 Nxd3 12. Qxd3 d6 13. exd6 Qxd6 14. Qe3 Bf6 15. Bb2 Rd8 16. Rd1 b6 17. a4 Ba6 18. Na3 Re8 19. Nb5 Qe7 20. Ba3 Qd7 21. Nd6 Red8 22. Re1 Na5 23. Rac1 Be7 24. Qxe6+ Qxe6 25. Rxe6 Bxd6 26. Rxd6 Nxc4 27. Rxd8+ Rxd8 28. Bb4 h6 29. h4 Rd7 30. Rc2 b5 31. axb5 Bxb5 32. Bc5 a6 1/2-1/2

[Event "La Pobla de Lillet op 16th"]
[Site "La Pobla de Lillet"]
[Date "2006.??.??"]
[Round "4"]
[White "Ayza Ballester, Jordi"]
[Black "Ayza Casamitjana, Antoni"]
[Result "1-0"]
[WhiteElo "2263"]
[BlackElo "2002"]
[PlyCount "51"]
[EventDate "2006.08.02"]
[EventType "swiss"]
[EventRounds "9"]
[EventCountry "ESP"]
[SourceTitle "CBM 113 Extra"]
[Source "ChessBase"]
[SourceDate "2006.09.14"]
[SourceVersion "1"]
[SourceVersionDate "2006.09.14"]
[SourceQuality "1"]

1. e4 c5 2. Nf3 Nc6 3. d4 cxd4 4. Nxd4 Nf6 5. Nc3 e5 6. Ndb5 d6 7. Nd5 Nxd5 8. exd5 Ne7 9. c4 a6 10. Qa4 axb5 11. Qxa8 Nf5 12. Be3 Nd4 13. cxb5 Be7 14. Bd3 0-0 15. Qa7 Bf6 16. 0-0 Qd7 17. Bxd4 exd4 18. Qb6 g6 19. a4 Re8 20. Rfe1 Be5 21. a5 Qg4 22. a6 bxa6 23. bxa6 Qf4 24. g3 Qd2 25. a7 Kg7 26. Red1 1-0

[Event "Garcia Ilundain Memorial"]
[Site "Catalunya"]
[Date "2006.??.??"]
[Round "?"]
[White "Ayza Casamitjana, Antoni"]
[Black "Gonzalez Garcia, Jose"]
[Result "0-1"]
[WhiteElo "2007"]
[BlackElo "2503"]
[PlyCount "55"]
[EventDate "2006.??.??"]
[EventType "swiss"]
[EventRounds "9"]
[EventCountry "ESP"]
[SourceTitle "EXT 2022"]
[Source "ChessBase"]
[SourceDate "2021.10.06"]
[SourceVersion "1"]
[SourceVersionDate "2021.10.06"]
[SourceQuality "1"]

1. e4 c5 2. Nf3 g6 3. Be2 Bg7 4. 0-0 Nc6 5. c3 Nf6 6. d3 0-0 7. h3 d6 8. Be3 e5 9. Qc1 Re8 10. Bh6 d5 11. Bxg7 Kxg7 12. Nbd2 d4 13. Rd1 Nh5 14. Nc4 Nf4 15. Bf1 Qf6 16. Nh2 h5 17. Nd2 g5 18. f3 Be6 19. a3 Rh8 20. b4 dxc3 21. Qxc3 cxb4 22. axb4 g4 23. fxg4 hxg4 24. Nxg4 Bxg4 25. hxg4 Nd4 26. Re1 Rac8 27. Qb2 Rc2 28. Nb1 0-1

[Event "Barceloneta op 3rd"]
[Site "Barcelona"]
[Date "2003.??.??"]
[Round "?"]
[White "Munoz Pantoja, Miguel Angel"]
[Black "Ayza Casamitjana, Antoni"]
[Result "1-0"]
[WhiteElo "2435"]
[BlackElo "1956"]
[PlyCount "67"]
[EventDate "2003.09.??"]
[EventType "swiss"]
[EventRounds "9"]
[EventCountry "ESP"]
[SourceTitle "EXT 2007"]
[Source "ChessBase"]
[SourceDate "2006.11.23"]
[SourceVersion "1"]
[SourceVersionDate "2006.11.23"]
[SourceQuality "1"]

1. e4 c5 2. g3 Nc6 3. Bg2 d6 4. Ne2 g6 5. c3 Bg7 6. 0-0 Nf6 7. d4 cxd4 8. cxd4 0-0 9. h3 Bd7 10. Nbc3 a6 11. f4 Rb8 12. e5 Ne8 13. Be3 e6 14. g4 Ne7 15. Ng3 Bc6 16. Qb3 Nc7 17. Nce4 d5 18. Nf6+ Kh8 19. f5 Bb5 20. Rf4 Bh6 21. Rf2 Bc4 22. Qc3 Bg7 23. b3 Bb5 24. a4 Bc6 25. Raf1 Ng8 26. Nxh7 Kxh7 27. f6 Bh6 28. g5 Rc8 29. h4 Bg7 30. Qb4 b5 31. a5 Qd7 32. h5 Bh8 33. Bh3 Bb7 34. Bg4 1-0

[Event "UGA Inverno op"]
[Site "Barcelona"]
[Date "2002.??.??"]
[Round "3"]
[White "Ayza Casamitjana, Antoni"]
[Black "Canals Bacardit, Josep"]
[Result "1-0"]
[WhiteElo "1950"]
[BlackElo "1995"]
[PlyCount "79"]
[EventDate "2002.01.21"]
[EventType "swiss"]
[EventRounds "7"]
[EventCountry "ESP"]
[SourceTitle "EXT 2003"]
[Source "ChessBase"]
[SourceDate "2002.11.25"]
[SourceVersion "1"]
[SourceVersionDate "2002.11.25"]
[SourceQuality "1"]

1. e4 e5 2. Nf3 Nc6 3. c3 Nf6 4. d4 d5 5. Bb5 Bg4 6. Qa4 Bxf3 7. Bxc6+ bxc6 8. Qxc6+ Nd7 9. gxf3 exd4 10. cxd4 Bb4+ 11. Nc3 0-0 12. Qxd5 Nb6 13. Qxd8 Raxd8 14. a3 Bxc3+ 15. bxc3 Nc4 16. Bf4 Rd7 17. Ke2 f5 18. e5 Re8 19. Rhb1 c5 20. Rd1 Nb2 21. Rdb1 Nc4 22. Be3 f4 23. Bxf4 cxd4 24. Kd3 Nxe5+ 25. Bxe5 Rxe5 26. cxd4 Rh5 27. Rb8+ Kf7 28. Rab1 Rxh2 29. R1b7 Rxb7 30. Rxb7+ Kg6 31. Ke3 h5 32. Rxa7 h4 33. Ra6+ Kh7 34. f4 h3 35. Kf3 Rg2 36. Ra5 Kh6 37. Rg5 Rxg5 38. fxg5+ Kxg5 39. Kg3 Kf5 40. a4 1-0